| 000 | 00977cam a2200241 4500 | ||
|---|---|---|---|
| 001 | ABS61448 | ||
| 008 | 000000n1999 000 0 eng u | ||
| 035 | _a(Sirsi) u100471 | ||
| 100 | _aProverbs, D. G. | ||
| 245 | _aConstruction resource/method factors influencing productivity for high rise concrete construction | ||
| 260 | _c1999 | ||
| 490 |
_aConstruction Management and Economics _v17(5) September 1999, 577-587(11) |
||
| 520 | _aResearch among European countries confirms variances in productivity rates given by construction planning engineers for identical operations, and similar differences in construction resource/method factors. Analysis of data taken from French, German and UK contractors. References. | ||
| 590 | _aABS | ||
| 650 | _aPRODUCTIVITY RATES | ||
| 650 | _aCONCRETE | ||
| 650 | _aCONSTRUCTION METHODS | ||
| 650 | _aHIGH RISE | ||
| 690 |
_aProject management _96261 |
||
| 700 | _aHolt, G.D. | ||
| 700 | _aOlomolaiye, P.O. | ||
| 942 | _n0 | ||
| 999 |
_c60107 _d60107 |
||